হাদীস শরীফ / (Record no. 78583)
[ view plain ]
| 000 -LEADER | |
|---|---|
| fixed length control field | 00685nam a2200217 a 4500 |
| 001 - CONTROL NUMBER | |
| control field | 78583 |
| 003 - CONTROL NUMBER IDENTIFIER | |
| rucl marc code | BD-RjUL |
| 005 - DATE AND TIME OF LATEST TRANSACTION | |
| control field | 20211209083139.0 |
| 008 - FIXED-LENGTH DATA ELEMENTS--GENERAL INFORMATION | |
| fixed length control field | 211017s1979 ii ||||| |||| 00| 0 ben d |
| 035 ## - SYSTEM CONTROL NUMBER | |
| System control number | (BD-RjUL)78809 |
| 040 ## - CATALOGING SOURCE | |
| Original cataloging agency | BD-RjUL |
| Language of cataloging | eng |
| Transcribing agency | BD-RjUL |
| 041 ## - LANGUAGE CODE | |
| Language code of text/sound track or separate title | ben |
| 082 ## - DEWEY DECIMAL CLASSIFICATION NUMBER | |
| Edition number | 23 |
| Classification number | 297.125 |
| Author mark and year | ULH 1979 |
| 100 ## - MAIN ENTRY--PERSONAL NAME | |
| Personal name | উল্লাহ, রফিক |
| 9 (RLIN) | 249082 |
| 245 10 - TITLE STATEMENT | |
| Title | হাদীস শরীফ / |
| Statement of responsibility, etc. | রফিক উল্লাহ |
| 260 ## - PUBLICATION, DISTRIBUTION, ETC. (IMPRINT) | |
| Place of publication, distribution, etc. | কলিকাতা : |
| Name of publisher, distributor, etc. | হরফ প্রকাশনী, |
| Date of publication, distribution, etc. | ১৯৭৯ |
| 300 ## - PHYSICAL DESCRIPTION | |
| Pagination | ৩৪০ পৃ.; |
| Size | ২২ সেমি. |
| 650 ## - SUBJECT ADDED ENTRY--TOPICAL TERM | |
| Topical term or geographic name as entry element | হাদীস |
| 9 (RLIN) | 249083 |
| Topical term or geographic name as entry element | Hadith |
| 9 (RLIN) | 249084 |
| 942 ## - ADDED ENTRY ELEMENTS (KOHA) | |
| Source of classification or shelving scheme | Dewey Decimal Classification |
| Koha item type | Books |
| Lost status | Source of classification or shelving scheme | Damaged status | Not for loan | Collection code | Permanent Location | Current Location | Shelving location | Date acquired | Source of acquisition | Cost, normal purchase price | Total Checkouts | Full call number | Date last seen | Copy number | Koha item type |
|---|---|---|---|---|---|---|---|---|---|---|---|---|---|---|---|
| Dewey Decimal Classification | Not For Loan | Non-fiction | Central Library, University of Rajshahi | Central Library, University of Rajshahi | Reading Room | 09/12/2021 | Calcutta India International | 16.00 | B 297.125 ULH 1979 | 17/10/2021 | C-1 | Books |